[Event "EU-Cup Online Gr-B"]
[Site "Tornelo INT"]
[Date "2021.03.28"]
[Round "8.3"]
[White "Heinemann, Thies"]
[Black "Andriasian, Siranush"]
[Result "1-0"]
[WhiteElo "2502"]
[BlackElo "2298"]
[PlyCount "153"]
[EventDate "2021.03.27"]
[EventType "team-tourn (rapid)"]
[EventRounds "9"]
[EventCountry "NET"]
[SourceTitle "CBM 201 Extra"]
[Source "ChessBase"]
[SourceDate "2021.05.31"]
[SourceVersion "1"]
[SourceVersionDate "2021.05.31"]
[SourceQuality "1"]
[WhiteTeam "Hamburger SK"]
[BlackTeam "Stanislas Echecs"]
[WhiteTeamCountry "GER"]
[BlackTeamCountry "FRA"]

1. e4 e5 2. Nf3 Nc6 3. Bb5 Nf6 4. Qe2 Bc5 5. c3 0-0 6. d3 d6 7. Nbd2 Ne7 8. 0-0 Ng6 9. d4 Bb6 10. Rd1 c6 11. Ba4 Nf4 12. Qf1 Qe7 13. Bc2 Bg4 14. h3 Bh5 15. g3 Bxf3 16. Nxf3 Ng6 17. dxe5 dxe5 18. Qe2 Rfd8 19. Be3 Bxe3 20. Qxe3 b6 21. Ba4 Qe6 22. Kg2 h6 23. Bb3 Qe7 24. Qe2 Rxd1 25. Rxd1 Rd8 26. Rxd8+ Qxd8 27. Qc4 Qd7 28. a4 b5 29. Qe2 a6 30. Nd2 c5 31. axb5 axb5 32. Nf1 c4 33. Bc2 Qc6 34. Qf3 Nf8 35. Ne3 Ne6 36. Nd5 Qd6 37. Nxf6+ gxf6 38. Qe3 Kg7 39. h4 Qc5 40. Qe2 b4 41. Ba4 bxc3 42. bxc3 Kh7 43. Be8 Kg7 44. Qh5 Qc7 45. Qg4+ Kf8 46. Bb5 Ke7 47. Qe2 Qc5 48. Qxc4 Qxc4 49. Bxc4 Nc5 50. f3 Na4 51. Kh3 Nxc3 52. Kg4 Kf8 53. Kh5 Kg7 54. Kg4 Nd1 55. Kh3 Ne3 56. Bb3 Nf1 57. Kg2 Nd2 58. Ba2 f5 59. exf5 e4 60. fxe4 Nxe4 61. Kf3 Nc3 62. Bc4 Na4 63. Kf4 Nb6 64. Bb3 Nd7 65. g4 f6 66. Be6 Nc5 67. Bc4 Nd7 68. Bb5 Nb6 69. Ke4 Nc8 70. Kd5 Ne7+ 71. Ke6 Ng8 72. Be8 h5 73. Bxh5 Nh6 74. g5 Ng8 75. Bf7 fxg5 76. hxg5 Kh8 77. Bxg8 1-0

[Event "EU-Cup Online Gr-B"]
[Site "Tornelo INT"]
[Date "2021.03.27"]
[Round "2.2"]
[White "Parkhov, Yair"]
[Black "Andriasian, Siranush"]
[Result "1-0"]
[WhiteElo "2407"]
[BlackElo "2298"]
[PlyCount "75"]
[EventDate "2021.03.27"]
[EventType "team-tourn (rapid)"]
[EventRounds "9"]
[EventCountry "NET"]
[SourceTitle "CBM 201 Extra"]
[Source "ChessBase"]
[SourceDate "2021.05.31"]
[SourceVersion "1"]
[SourceVersionDate "2021.05.31"]
[SourceQuality "1"]
[WhiteTeam "Tsafrir Rehovot"]
[BlackTeam "Stanislas Echecs"]
[WhiteTeamCountry "ISR"]
[BlackTeamCountry "FRA"]

1. d4 Nf6 2. c4 e6 3. g3 d5 4. Bg2 Be7 5. Nf3 0-0 6. Qc2 dxc4 7. Qxc4 a6 8. Bf4 Nd5 9. Bd2 b5 10. Qc1 Bb7 11. 0-0 Nc6 12. a3 Rb8 13. Rd1 Nf6 14. Be1 Ne4 15. b4 f5 16. Nc3 Nxc3 17. Bxc3 Bf6 18. Ra2 Ne7 19. Rad2 Be4 20. Bb2 Nd5 21. Ne1 Bxg2 22. Nxg2 Bg5 23. e3 Nb6 24. h4 Bf6 25. Nf4 Nc4 26. Nxe6 Qe7 27. Nxf8 Rxf8 28. Rc2 Qe6 29. d5 Qe4 30. Bxf6 Rxf6 31. Rd4 Qf3 32. Rcxc4 bxc4 33. Qxc4 f4 34. d6+ Kh8 35. dxc7 fxg3 36. Rd8+ Rf8 37. Rxf8+ Qxf8 38. c8Q 1-0

[Event "Cappelle Online (Women) op"]
[Site "Europe Echecs INT"]
[Date "2021.03.08"]
[Round "3"]
[White "Tomasi, Elise"]
[Black "Andriasian, Siranush"]
[Result "0-1"]
[WhiteElo "2030"]
[BlackElo "2298"]
[PlyCount "78"]
[EventDate "2021.03.08"]
[EventType "swiss (blitz)"]
[EventRounds "11"]
[EventCountry "FRA"]
[SourceTitle "CBM 201 Extra"]
[Source "ChessBase"]
[SourceDate "2021.05.31"]
[SourceVersion "1"]
[SourceVersionDate "2021.05.31"]
[SourceQuality "1"]

1. d4 Nf6 2. Nf3 e6 3. g3 d5 4. Bg2 Be7 5. 0-0 0-0 6. c4 dxc4 7. Qc2 b5 8. a4 c6 9. axb5 cxb5 10. Ng5 h6 11. Bxa8 hxg5 12. Bg2 Nd5 13. Nc3 a6 14. Nxd5 exd5 15. f4 g4 16. Be3 Nc6 17. Bf2 Bf6 18. Rad1 a5 19. e4 Nb4 20. Qe2 Nd3 21. e5 Be7 22. Be1 Qb6 23. Bf2 Bf5 24. Bxd5 Rd8 25. Be4 Bxe4 26. Qxe4 Nxb2 27. d5 Bc5 28. Rd2 Nd3 29. d6 Nxf2 30. Rfxf2 c3 31. Rc2 b4 32. Kg2 Bxf2 33. Rxf2 b3 34. Qd3 b2 35. Rf1 Qc6+ 36. Kg1 a4 37. e6 fxe6 38. Qg6 Qxd6 39. Qxg4 c2 0-1

[Event "Cappelle Online Rapid op"]
[Site "Europe Echecs INT"]
[Date "2021.03.06"]
[Round "9"]
[White "Andriasian, Siranush"]
[Black "Blachon, Pascal"]
[Result "1/2-1/2"]
[WhiteElo "2298"]
[BlackElo "1969"]
[PlyCount "91"]
[EventDate "2021.03.06"]
[EventType "swiss (rapid)"]
[EventRounds "9"]
[EventCountry "FRA"]
[SourceTitle "CBM 201 Extra"]
[Source "ChessBase"]
[SourceDate "2021.05.31"]
[SourceVersion "1"]
[SourceVersionDate "2021.05.31"]
[SourceQuality "1"]

1. e4 c5 2. Nf3 d6 3. d4 cxd4 4. Nxd4 Nf6 5. Nc3 Bd7 6. Bg5 e6 7. f4 Nc6 8. Nb3 Be7 9. Bxf6 gxf6 10. Qf3 a6 11. 0-0-0 h5 12. h4 b5 13. Nd4 Nxd4 14. Rxd4 Rb8 15. f5 b4 16. Ne2 Qa5 17. Kb1 Qe5 18. Qd3 exf5 19. Nc1 Be6 20. Be2 fxe4 21. Rxe4 Qd5 22. Rxe6 fxe6 23. Qxd5 exd5 24. Bf3 d4 25. Nd3 f5 26. Nf4 Kf8 27. Bxh5 d3 28. cxd3 b3 29. axb3 Rxb3 30. Rh3 Bf6 31. Re3 Rxb2+ 32. Kc1 Rf2 33. Ng6+ Kg7 34. Nxh8 Kxh8 35. g3 Be5 36. Bf7 Rg2 37. Be6 Rxg3 38. Rxg3 Bxg3 39. Bxf5 Bxh4 40. d4 Bf2 41. d5 a5 42. Kb2 Kg7 43. Kb3 Kf6 44. Be6 Ke5 45. Ka4 Be1 46. Bg8 1/2-1/2

[Event "Cappelle Online Rapid op"]
[Site "Europe Echecs INT"]
[Date "2021.03.06"]
[Round "6"]
[White "Kouoi, Bertrand"]
[Black "Andriasian, Siranush"]
[Result "1-0"]
[WhiteElo "2055"]
[BlackElo "2298"]
[PlyCount "67"]
[EventDate "2021.03.06"]
[EventType "swiss (rapid)"]
[EventRounds "9"]
[EventCountry "FRA"]
[SourceTitle "CBM 201 Extra"]
[Source "ChessBase"]
[SourceDate "2021.05.31"]
[SourceVersion "1"]
[SourceVersionDate "2021.05.31"]
[SourceQuality "1"]

1. e4 e5 2. Nf3 Nc6 3. Bc4 Nf6 4. d3 Bc5 5. 0-0 0-0 6. c3 d5 7. exd5 Nxd5 8. Re1 Re8 9. d4 Bb6 10. dxe5 Be6 11. Ng5 h6 12. Nxe6 fxe6 13. Qg4 Kh8 14. Nd2 Rf8 15. Nf3 Qe7 16. Bxd5 exd5 17. Be3 Rae8 18. Bxb6 axb6 19. Nh4 Qf7 20. Ng6+ Kg8 21. Nxf8 Rxf8 22. Qg3 Ne7 23. e6 Qf6 24. Qxc7 Qxf2+ 25. Kh1 Nf5 26. e7 Re8 27. Qd7 Rxe7 28. Rxe7 Nxe7 29. Qxe7 Qxb2 30. Rf1 Qxc3 31. Qf7+ Kh8 32. Qf8+ Kh7 33. Qf5+ Kh8 34. Qxd5 1-0

[Event "Cappelle Online Rapid op"]
[Site "Europe Echecs INT"]
[Date "2021.03.06"]
[Round "7"]
[White "Schrefheere, Anthime"]
[Black "Andriasian, Siranush"]
[Result "0-1"]
[WhiteElo "1752"]
[BlackElo "2298"]
[PlyCount "90"]
[EventDate "2021.03.06"]
[EventType "swiss (rapid)"]
[EventRounds "9"]
[EventCountry "FRA"]
[SourceTitle "CBM 201 Extra"]
[Source "ChessBase"]
[SourceDate "2021.05.31"]
[SourceVersion "1"]
[SourceVersionDate "2021.05.31"]
[SourceQuality "1"]

1. e4 c5 2. Nf3 e6 3. c3 Nf6 4. e5 Nd5 5. Be2 d6 6. d4 cxd4 7. cxd4 Nc6 8. Nc3 dxe5 9. dxe5 Bb4 10. Bd2 Nxc3 11. bxc3 Bc5 12. 0-0 0-0 13. Bg5 Qc7 14. Bf4 b6 15. Qc2 h6 16. Bd3 Bb7 17. Be4 Na5 18. Rad1 Rfd8 19. Nd4 a6 20. Qe2 Rac8 21. Rd3 Bxe4 22. Qxe4 Qb7 23. Qe3 Nc4 24. Qg3 Kf8 25. Qg4 Bxd4 26. cxd4 Qe4 27. Rg3 Qh7 28. Be3 b5 29. Qf3 Rd7 30. h3 Nb6 31. Rg4 Nd5 32. Bd2 Rc2 33. Qa3+ Ke8 34. Bb4 Rc6 35. Bc5 h5 36. Rg3 Nf4 37. Qf3 Nd5 38. Rg5 g6 39. Qd3 Qh6 40. Rg3 Nf4 41. Qf3 g5 42. h4 g4 43. Qe3 Kd8 44. f3 Nh3+ 45. Kh2 Qxe3 0-1

[Event "Cappelle Online Bullet op"]
[Site "Europe Echecs INT"]
[Date "2021.03.05"]
[Round "9"]
[White "Andriasian, Siranush"]
[Black "Benoit, David"]
[Result "0-1"]
[WhiteElo "2298"]
[BlackElo "1933"]
[PlyCount "68"]
[EventDate "2021.03.05"]
[EventType "swiss (blitz)"]
[EventRounds "15"]
[EventCountry "FRA"]
[SourceTitle "EXT 2022"]
[Source "ChessBase"]
[SourceDate "2021.10.06"]
[SourceVersion "1"]
[SourceVersionDate "2021.10.06"]
[SourceQuality "1"]

1. e4 c5 2. f4 Nc6 3. Nf3 e6 4. Nc3 d5 5. exd5 exd5 6. d4 cxd4 7. Nxd4 Nf6 8. Bb5 Bd7 9. Bxc6 bxc6 10. Qe2+ Be7 11. Be3 0-0 12. 0-0-0 c5 13. Nf3 d4 14. Nxd4 cxd4 15. Bxd4 Qc7 16. Qd3 Bb4 17. Bxf6 gxf6 18. Qxd7 Qxd7 19. Rxd7 Bxc3 20. bxc3 a5 21. Rhd1 a4 22. R1d3 a3 23. Rg3+ Kh8 24. f5 Ra5 25. Rd4 Rxf5 26. Rf3 Re5 27. Rd1 Rb8 28. c4 Rc5 29. Rxa3 Rxc4 30. Ra7 Rbc8 31. Rdd7 Rxc2+ 32. Kd1 Rc1+ 33. Ke2 R1c2+ 34. Kf3 R2c3+ 0-1

[Event "Cappelle Online Bullet op"]
[Site "Europe Echecs INT"]
[Date "2021.03.05"]
[Round "3"]
[White "Andriasian, Siranush"]
[Black "Blachon, Pascal"]
[Result "1-0"]
[WhiteElo "2298"]
[BlackElo "1969"]
[PlyCount "45"]
[EventDate "2021.03.05"]
[EventType "swiss (blitz)"]
[EventRounds "15"]
[EventCountry "FRA"]
[SourceTitle "EXT 2022"]
[Source "ChessBase"]
[SourceDate "2021.10.06"]
[SourceVersion "1"]
[SourceVersionDate "2021.10.06"]
[SourceQuality "1"]

1. e4 c5 2. Nf3 d6 3. d4 cxd4 4. Nxd4 Nf6 5. Nc3 Bd7 6. Bg5 e6 7. f4 Be7 8. Qf3 Nc6 9. 0-0-0 Nxd4 10. Rxd4 Qc7 11. Bb5 0-0 12. Bxd7 Qxd7 13. g4 Ne8 14. Rhd1 Bf6 15. Bxf6 gxf6 16. g5 fxg5 17. fxg5 b5 18. e5 d5 19. Ne4 Kh8 20. Nf6 Qc7 21. Qh5 Nxf6 22. gxf6 Rg8 23. Rh4 1-0

[Event "Cappelle Online Bullet op"]
[Site "Europe Echecs INT"]
[Date "2021.03.05"]
[Round "2"]
[White "Andriasian, Siranush"]
[Black "Levannier Gouel, Marius"]
[Result "0-1"]
[WhiteElo "2298"]
[BlackElo "1676"]
[PlyCount "64"]
[EventDate "2021.03.05"]
[EventType "swiss (blitz)"]
[EventRounds "15"]
[EventCountry "FRA"]
[SourceTitle "EXT 2022"]
[Source "ChessBase"]
[SourceDate "2021.10.06"]
[SourceVersion "1"]
[SourceVersionDate "2021.10.06"]
[SourceQuality "1"]

1. e4 c5 2. Nf3 Nc6 3. d4 cxd4 4. Nxd4 e5 5. Nb5 a6 6. Nd6+ Bxd6 7. Qxd6 Qe7 8. Qc7 d5 9. Qxe7+ Ngxe7 10. exd5 Nb4 11. Bc4 Nxc2+ 12. Kf1 Nxa1 13. Nc3 Nc2 14. Bg5 f6 15. Bd2 Nd4 16. d6 Nec6 17. Nd5 Kd7 18. Nb6+ Kxd6 19. Nxa8 Bf5 20. f4 b5 21. Bb3 Rxa8 22. fxe5+ fxe5 23. Ke1 Bd3 24. g4 Nf3+ 25. Kd1 e4 26. Bf4+ Kc5 27. Be6 Ncd4 28. a3 Nxe6 29. b4+ Kb6 30. Be3+ Ned4 31. h4 Rc8 32. g5 Be2# 0-1

[Event "Cappelle Online Bullet op"]
[Site "Europe Echecs INT"]
[Date "2021.03.05"]
[Round "14"]
[White "Zienkiewicz, Jan"]
[Black "Andriasian, Siranush"]
[Result "1-0"]
[WhiteElo "1882"]
[BlackElo "2298"]
[PlyCount "63"]
[EventDate "2021.03.05"]
[EventType "swiss (blitz)"]
[EventRounds "15"]
[EventCountry "FRA"]
[SourceTitle "EXT 2022"]
[Source "ChessBase"]
[SourceDate "2021.10.06"]
[SourceVersion "1"]
[SourceVersionDate "2021.10.06"]
[SourceQuality "1"]

1. e4 c5 2. Nf3 e6 3. d4 cxd4 4. Nxd4 Bc5 5. Nc3 Qb6 6. Be3 Nc6 7. Nxc6 Bxe3 8. fxe3 Qxe3+ 9. Be2 bxc6 10. Qd6 Ba6 11. Rf1 Bxe2 12. Nxe2 Nf6 13. Qf4 Qb6 14. b3 Qb4+ 15. c3 Qc5 16. 0-0-0 Qa3+ 17. Kb1 a5 18. Qc7 0-0 19. e5 Nd5 20. Qxd7 a4 21. b4 Nxc3+ 22. Nxc3 Qxc3 23. Qd4 Qa3 24. Rf3 Rad8 25. Qxd8 Qxb4+ 26. Ka1 a3 27. Qd2 Qb5 28. Rb3 Qxe5+ 29. Qd4 Qe2 30. Qd2 Qe5+ 31. Rc3 Qc5 32. Rxc5 1-0

[Event "Speed Chess (Women) Q4"]
[Site "Chess.com INT"]
[Date "2020.06.21"]
[Round "5"]
[White "Nandhidhaa, PV."]
[Black "Andriasian, Siranush"]
[Result "1-0"]
[WhiteElo "2365"]
[BlackElo "2298"]
[PlyCount "43"]
[EventDate "2020.06.21"]
[EventType "swiss (blitz)"]
[EventRounds "9"]
[EventCountry "USA"]
[SourceTitle "CBM 196 Extra"]
[Source "ChessBase"]
[SourceDate "2020.07.31"]
[SourceVersion "1"]
[SourceVersionDate "2020.07.31"]
[SourceQuality "1"]

1. e4 e5 2. Nf3 Nc6 3. Bb5 Nf6 4. d3 Bc5 5. 0-0 0-0 6. Bxc6 bxc6 7. Nxe5 d5 8. d4 Bd6 9. Nxc6 Qe8 10. e5 Qxc6 11. exf6 Bf5 12. Nc3 gxf6 13. Qf3 Be4 14. Nxe4 dxe4 15. Qg4+ Kh8 16. Qf5 Rg8 17. Qxf6+ Rg7 18. Bf4 e3 19. g3 exf2+ 20. Rxf2 Kg8 21. Be5 Bxe5 22. Qxc6 1-0

[Event "Speed Chess (Women) Q2"]
[Site "Chess.com INT"]
[Date "2020.06.19"]
[Round "9"]
[White "Andriasian, Siranush"]
[Black "Fuentes Inzunza, Lesly"]
[Result "1-0"]
[WhiteElo "2298"]
[BlackElo "1840"]
[PlyCount "97"]
[EventDate "2020.06.19"]
[EventType "swiss (blitz)"]
[EventRounds "13"]
[EventCountry "USA"]
[SourceTitle "CBM 196 Extra"]
[Source "ChessBase"]
[SourceDate "2020.07.31"]
[SourceVersion "1"]
[SourceVersionDate "2020.07.31"]
[SourceQuality "1"]

1. e4 c6 2. d4 d5 3. Nc3 dxe4 4. Nxe4 Nf6 5. Nxf6+ exf6 6. c3 Bd6 7. g3 0-0 8. Bd3 Re8+ 9. Ne2 Bg4 10. Be3 Bf3 11. Rg1 Qd7 12. Qc2 h6 13. 0-0-0 b5 14. Bf5 Qc7 15. Rde1 Nd7 16. Nf4 Nb6 17. h4 Nc4 18. Bd3 Nxe3 19. fxe3 a5 20. Rgf1 Bg4 21. Bf5 Bxf5 22. Qxf5 a4 23. Nh5 Qc8 24. Nxg7 Qxf5 25. Nxf5 Bc7 26. Nxh6+ Kg7 27. Nf5+ Kg6 28. g4 Re4 29. Rg1 Rae8 30. h5+ Kh7 31. g5 fxg5 32. Rxg5 Rg8 33. Reg1 Rxg5 34. Rxg5 Rxe3 35. Nxe3 Bf4 36. Re5 Bxe5 37. dxe5 Kh6 38. Kd2 Kxh5 39. Kd3 Kg5 40. Kd4 Kf4 41. Ng2+ Kf5 42. Ne1 f6 43. exf6 Kxf6 44. Kc5 Ke5 45. Kxc6 Ke4 46. Kxb5 Ke3 47. Kxa4 Kd2 48. c4 Kxe1 49. c5 1-0

[Event "Speed Chess (Women) Q2"]
[Site "Chess.com INT"]
[Date "2020.06.19"]
[Round "5"]
[White "Andriasian, Siranush"]
[Black "Nikulina, Alena"]
[Result "0-1"]
[WhiteElo "2298"]
[BlackElo "1887"]
[PlyCount "122"]
[EventDate "2020.06.19"]
[EventType "swiss (blitz)"]
[EventRounds "13"]
[EventCountry "USA"]
[SourceTitle "CBM 196 Extra"]
[Source "ChessBase"]
[SourceDate "2020.07.31"]
[SourceVersion "1"]
[SourceVersionDate "2020.07.31"]
[SourceQuality "1"]

1. e4 c5 2. Nf3 d6 3. d4 cxd4 4. Nxd4 Nf6 5. Nc3 a6 6. Be3 e6 7. f3 Be7 8. Qd2 b5 9. a3 Bb7 10. g4 Nbd7 11. g5 Nh5 12. Rg1 Nb6 13. f4 g6 14. Be2 Ng7 15. 0-0-0 d5 16. exd5 Nxd5 17. Nxd5 Bxd5 18. f5 Nxf5 19. Nxf5 gxf5 20. Bd4 Rg8 21. h4 Rc8 22. Kb1 Be4 23. Bd3 Bxd3 24. Qxd3 Qc7 25. Bc3 Bxa3 26. Ba5 Qxa5 27. Qd7+ Kf8 28. Qxc8+ Kg7 29. Qc3+ Qxc3 30. bxc3 Bc5 31. Rg3 f4 32. Rf3 Be3 33. Rd6 Rc8 34. Kb2 a5 35. h5 a4 36. g6 hxg6 37. hxg6 Kxg6 38. Rh3 Kg5 39. Rh7 Kf6 40. Rd7 Rf8 41. Rb7 f3 42. Rh3 f2 43. Rf3+ Ke5 44. Rxe3+ Kf4 45. Rd3 f1Q 46. Rxb5 e5 47. Rb4+ e4 48. Rdd4 a3+ 49. Kxa3 Qa1+ 50. Kb3 Qb1+ 51. Kc4 Qa2+ 52. Kc5 f5 53. Rdc4 Rc8+ 54. Kd5 Qa5+ 55. Kd4 Rxc4+ 56. Rxc4 Qb6+ 57. Kd5 Kf3 58. Rc6 Qb5+ 59. Rc5 Qd7+ 60. Ke5 e3 61. c4 e2 0-1

[Event "Speed Chess (Women) Q2"]
[Site "Chess.com INT"]
[Date "2020.06.19"]
[Round "12"]
[White "Andriasian, Siranush"]
[Black "Zavivaeva, Emilia"]
[Result "1-0"]
[WhiteElo "2298"]
[BlackElo "1735"]
[PlyCount "69"]
[EventDate "2020.06.19"]
[EventType "swiss (blitz)"]
[EventRounds "13"]
[EventCountry "USA"]
[SourceTitle "CBM 196 Extra"]
[Source "ChessBase"]
[SourceDate "2020.07.31"]
[SourceVersion "1"]
[SourceVersionDate "2020.07.31"]
[SourceQuality "1"]

1. e4 c5 2. Nf3 Nc6 3. Bb5 e6 4. b3 d5 5. exd5 exd5 6. 0-0 Be7 7. d4 Nf6 8. dxc5 Bxc5 9. Re1+ Ne4 10. Be3 Bxe3 11. Rxe3 0-0 12. Nc3 Nxc3 13. Rxc3 Bg4 14. Rd3 a6 15. Rxd5 Qf6 16. Bxc6 bxc6 17. Rd6 Qc3 18. Rd3 Qf6 19. h3 Bf5 20. Rd6 Qc3 21. Nd4 Bg6 22. Qe1 Qb2 23. Rd1 Rfe8 24. Qd2 Qxa2 25. Nxc6 Rac8 26. c4 h6 27. Qd5 Qxb3 28. Rxg6 Kh8 29. Rd6 f6 30. Rd7 Rg8 31. Ne7 Rb8 32. Nxg8 Rxg8 33. c5 a5 34. Qxb3 a4 35. Qxa4 1-0

[Event "FRA-ch blitz 13th"]
[Site "Nancy"]
[Date "2015.02.21"]
[Round "6"]
[White "Arun Prasad, Subramanian"]
[Black "Andriasian, Siranush"]
[Result "1-0"]
[WhiteElo "2502"]
[BlackElo "2206"]
[PlyCount "59"]
[EventDate "2015.02.21"]
[EventType "swiss (blitz)"]
[EventRounds "11"]
[EventCountry "FRA"]
[SourceTitle "CBM 164 Extra"]
[Source "ChessBase"]
[SourceDate "2015.03.02"]
[SourceVersion "1"]
[SourceVersionDate "2015.03.02"]
[SourceQuality "1"]

1. g3 d5 2. Nf3 c6 3. Bg2 Nf6 4. c4 Bg4 5. cxd5 Nxd5 6. d4 e6 7. 0-0 Be7 8. e4 Nf6 9. Nc3 0-0 10. h3 Bh5 11. g4 Bg6 12. Ne5 Nbd7 13. Qe2 Nxe5 14. dxe5 Nd7 15. f4 f5 16. exf6 Nxf6 17. Be3 Bb4 18. Qc4 Bxc3 19. bxc3 Qa5 20. Rab1 Qc7 21. Bc5 Rfe8 22. Rbd1 Rad8 23. e5 Nd5 24. Rde1 b6 25. Bd6 Qd7 26. Kh1 Bf7 27. Qd4 c5 28. Qd2 Qc8 29. c4 Qa6 30. cxd5 1-0

[Event "ARM-ch (Women) 68th"]
[Site "Yerevan"]
[Date "2013.01.18"]
[Round "6"]
[White "Andriasian, Siranush"]
[Black "Hairapetian, Anna"]
[Result "1-0"]
[WhiteElo "2235"]
[BlackElo "2199"]
[PlyCount "79"]
[EventDate "2013.01.12"]
[EventType "tourn"]
[EventRounds "9"]
[EventCountry "ARM"]
[SourceTitle "CBM 152 Extra"]
[Source "ChessBase"]
[SourceDate "2013.02.25"]
[SourceVersion "1"]
[SourceVersionDate "2013.02.25"]
[SourceQuality "1"]

1. e4 c5 2. Nf3 Nc6 3. Bb5 Nf6 4. Bxc6 dxc6 5. d3 g6 6. h3 Bg7 7. Nc3 Nd7 8. Be3 e5 9. Qd2 Qe7 10. Bh6 Bxh6 11. Qxh6 f6 12. Qe3 Nf8 13. a4 Ne6 14. Ne2 Nd4 15. Nfxd4 cxd4 16. Qd2 Be6 17. f4 c5 18. 0-0 0-0-0 19. c3 Kb8 20. cxd4 cxd4 21. fxe5 fxe5 22. Kh2 Rc8 23. Ng1 g5 24. Nf3 Rhg8 25. g4 h5 26. Kg3 hxg4 27. hxg4 b6 28. a5 b5 29. a6 Bd7 30. Rfc1 Qe6 31. Rxc8+ Bxc8 32. Qb4 Bd7 33. Qc5 Qxg4+ 34. Kf2 Rc8 35. Qxe5+ Ka8 36. Qd5+ Bc6 37. Qxg5 Qd7 38. Qf5 Rd8 39. Qxd7 Bxd7 40. Nxd4 1-0

[Event "ARM-ch (Women) 68th"]
[Site "Yerevan"]
[Date "2013.01.16"]
[Round "5"]
[White "Mnatsakanyan, Diana"]
[Black "Andriasian, Siranush"]
[Result "0-1"]
[WhiteElo "1951"]
[BlackElo "2235"]
[PlyCount "53"]
[EventDate "2013.01.12"]
[EventType "tourn"]
[EventRounds "9"]
[EventCountry "ARM"]
[SourceTitle "CBM 152 Extra"]
[Source "ChessBase"]
[SourceDate "2013.02.25"]
[SourceVersion "1"]
[SourceVersionDate "2013.02.25"]
[SourceQuality "1"]

1. e4 c5 2. Nf3 e6 3. d3 Nc6 4. g3 g6 5. Bg2 Bg7 6. 0-0 Nge7 7. c3 e5 8. Be3 d6 9. Qd2 0-0 10. Nh4 f5 11. f4 Be6 12. fxe5 Nxe5 13. exf5 Nxf5 14. Nxf5 Rxf5 15. Rxf5 gxf5 16. Na3 Qe7 17. d4 Ng4 18. Re1 Re8 19. Bg5 Qf7 20. Nb5 Qd7 21. a4 a6 22. Na3 cxd4 23. cxd4 Qxa4 24. Nc2 Bb3 25. Rxe8+ Qxe8 26. h3 Bxc2 27. Qxc2 0-1

[Event "ARM-ch (Women) 68th"]
[Site "Yerevan"]
[Date "2013.01.14"]
[Round "3"]
[White "Gasparian, Mariana"]
[Black "Andriasian, Siranush"]
[Result "1-0"]
[WhiteElo "2082"]
[BlackElo "2235"]
[PlyCount "69"]
[EventDate "2013.01.12"]
[EventType "tourn"]
[EventRounds "9"]
[EventCountry "ARM"]
[SourceTitle "CBM 152 Extra"]
[Source "ChessBase"]
[SourceDate "2013.02.25"]
[SourceVersion "1"]
[SourceVersionDate "2013.02.25"]
[SourceQuality "1"]

1. d4 Nf6 2. e3 e6 3. c3 b6 4. f4 Bb7 5. Nf3 c5 6. Bd3 Nc6 7. 0-0 d6 8. e4 Qd7 9. Qe2 0-0-0 10. a4 d5 11. e5 Ne4 12. Nbd2 Kb8 13. Kh1 f5 14. exf6 Nxd2 15. Bxd2 gxf6 16. Rfe1 c4 17. Bc2 Re8 18. b3 cxb3 19. Bxb3 Na5 20. Bc2 Bd6 21. Bd3 Qc7 22. Bb5 Re7 23. g3 Nc4 24. a5 bxa5 25. Reb1 Ka8 26. Be1 e5 27. fxe5 fxe5 28. Qg2 Rf8 29. Ng1 Ref7 30. Rb3 a6 31. Ba4 Nb6 32. Rab1 Bc5 33. dxc5 d4 34. c6 Nxa4 35. Rxb7 1-0